| 000 | 01502nam a2200421 a 4500 | ||
|---|---|---|---|
| 999 |
_c7315 _d7315 |
||
| 001 | .b6391184x | ||
| 003 | OSt | ||
| 005 | 20210218185257.0 | ||
| 008 | 150727s2015 spca||| |||| 0|0 0 spa| | ||
| 015 |
_aLL2015 _2bnc |
||
| 017 |
_aDL B 5838-2015 _bBiblioteca de Catalunya |
||
| 020 | _a9788408141754 | ||
| 035 | _a(OCoLC)1022571080 | ||
| 040 |
_aES-BaBC _bcat _cES-BaBC |
||
| 080 |
_a316.77:32 _22004 |
||
| 080 |
_a621.396.21:316.4 _22004 |
||
| 080 |
_a321.02:005.591.6 _22004 |
||
| 080 |
_a004.738.52:316.4 _22004 |
||
| 100 | 1 | _aGutiérrez-Rubí, Antoni | |
| 245 | 1 | 3 |
_aLa Transformación digital y móvil de la comunicación política / _cautor: Antoni Gutiérrez-Rubí |
| 260 |
_aMadrid : _bFundación Telefónica ; _aBarcelona : _bAriel, _c2015 |
||
| 300 |
_a101 p. : _bil. col. ; _c23 cm |
||
| 490 | 1 |
_aFundación Telefónica ; _v45 |
|
| 504 | _aReferències bibliogràfiques | ||
| 650 | 9 |
_aComunicació en la política _2thub |
|
| 650 | 9 |
_aTelefonia mòbil _2thub |
|
| 650 | 9 |
_aParticipació política _2thub |
|
| 650 | 9 |
_aWeb 2.0 _2thub |
|
| 650 | 7 |
_aComunicació en la política _2lemac |
|
| 650 | 7 |
_aTelefonia mòbil _xAspectes socials _2lemac |
|
| 650 | 7 |
_aParticipació política _xInnovacions tecnològiques _2lemac |
|
| 650 | 7 |
_aWeb 2.0 _xAspectes socials _2lemac |
|
| 710 | 2 | _aFundación Telefónica | |
| 830 | 0 |
_aColección Fundación Telefónica ; _v45 |
|
| 907 |
_a.b6391184x _b17-02-21 _c27-07-15 _d27-07-15 _em _fa _g- _hspa _ispc _j0 _k0 |
||
| 940 | _aBC | ||
| 942 |
_2udc _cMON |
||